Yorkshire Traction Company Ltd v SoS Transport and another (Record no. 50051)

MARC details
000 -LEADER
fixed length control field 01486cab a2200241 4500
001 - CONTROL NUMBER
control field ABS57272
008 - FIXED-LENGTH DATA ELEMENTS--GENERAL INFORMATION
fixed length control field 090401t1997 xxu||||| |||| 00| 0 eng d
035 ## - SYSTEM CONTROL NUMBER
System control number (Sirsi) u79590
041 ## - LANGUAGE CODE
Language code of text/sound track or separate title eng
245 ## - TITLE STATEMENT
Title Yorkshire Traction Company Ltd v SoS Transport and another
260 ## - PUBLICATION, DISTRIBUTION, ETC.
Date of publication, distribution, etc. 1997
350 ## - PRICE (NR) (BK AM CF MU VM SE) [OBSOLETE]
Price 0
490 ## - SERIES STATEMENT
Series statement Rating & Valuation Reporter
Volume/sequential designation [1997] 37 RVR 150-154(5)
520 ## - SUMMARY, ETC.
Summary, etc. CA 22 January 1997. Y appealed against S`s confirmation of a compulsory purchase order made by the South Yorkshire Passenger Transport Executive for the redevelopment of a bus station owned and operated by Y. Y contended that S had no power for compulsory purchase where the principal purpose was to take control of the owner`s undertaking when the operational control was one of the main objects of the order. Secondly, that it would inhibit competition in the provision of public transport services. Y also criticised S`s decision for putting the burden of defeating the order on the objector rather than the acquiring authority to justify the purchase - S not applying a test of sufficient resources that he himself had laid down. Appeal dismissed.
650 ## - SUBJECT ADDED ENTRY--TOPICAL TERM
Topical term or geographic name entry element BURDEN OF PROOF
650 ## - SUBJECT ADDED ENTRY--TOPICAL TERM
Topical term or geographic name entry element BUS STATION
650 ## - SUBJECT ADDED ENTRY--TOPICAL TERM
Topical term or geographic name entry element COMPETITION
650 ## - SUBJECT ADDED ENTRY--TOPICAL TERM
Topical term or geographic name entry element PUBLIC TRANSPORT
650 ## - SUBJECT ADDED ENTRY--TOPICAL TERM
Topical term or geographic name entry element YORKSHIRE TRACTION COMPANY LTD V SOS TRANSPORT AND ANOTHER
690 ## - LOCAL SUBJECT ADDED ENTRY--TOPICAL TERM (OCLC, RLIN)
Topical term or geographic name as entry element ENVIRONMENTAL AND LAND CONSULTANCY-PLANNING AND DEVELOPMENT-COMPULSORY PURCHASE AND COMPENSATION
942 ## - ADDED ENTRY ELEMENTS (KOHA)
Suppress in OPAC 0
948 ## - LOCAL PROCESSING INFORMATION (OCLC); SERIES PART DESIGNATOR (RLIN)
c (OCLC) 14/07/1997
Holdings
Withdrawn status Lost status Source of classification or shelving scheme Damaged status Not for loan Home library Current library Shelving location Date acquired Total Checkouts Full call number Barcode Date last seen Copy number Price effective from Koha item type
    Dewey Decimal Classification     London London Journal article 14/09/1999   ABS57272 79590-1001 06/08/2019 1 06/08/2019 Law report